000 00564nam a2200193Ia 4500
005 20250326130857.0
008 250326s9999 xx 000 0 und d
037 _aTextbook
040 _aFMSL
_beng
_cFMSL
041 _aeng
_2eng
084 _aX:8ogD658(2:55) M1
_qFMSL
100 _aLucas H C
_9319831
245 0 _aCasebook for management information system
_cLucas H C; Gibson C F
250 _a2
260 _aNew York
_bNew York, McGraw-Hill
_c1981
300 _a460p
942 _cTB
_hX:8ogD658(2:55) M1
999 _c1284503
_d1284503